000 01020nam a22003137a 4500
001 BR9402299
003 BR-BrBNA
005 20230928093918.0
007 ta
008 230509b bl.||||| |||| 00| 0 por d
040 _aBR-BrBNA
_bpor
_cBiblioteca Nacional de Agricultura
041 _a(Por)
072 _aT01; P34
_b3877
_b3876
_b3875
090 _ 3877 BR9402299
100 1 _aOstiz, S. de B.
110 1 _aEscola Superior de Agricultura Luiz de Queiroz, Piracicaba, SP (Brasil)
_0Tese (Mestre em Agronomia)
245 1 _aEfeito de permetrina, glifosato e mancozeb na atividade respiratoria e amilolitica de dois solos do estado de Sao Paulo
260 3 _aPiracicaba, SP (Brasil):
_c1991.
300 _a75 p.
500 _a5 graphs; 24 tables; Summaries (Eng, Por); Bibliography p. 64-75 (62 ref.)
650 _aInseticida
650 _aHerbicida
650 _aFungicida
650 _aSolo
650 _aMicrorganismo
650 _aSao Paulo
909 _a202309
_bLucia
_c55
_dLucia Elande
942 _cBK
999 _c47860
_d47860